00513nam a22001457a 4500020002200000082001500022100001800037245007100055260002800126300000800154650002600162942000700188952015500195999001700350 a978-0-19-946514-9 a954.01 PAR aPARPOLA, Asko aThe Roots of Hinduism: The early Aryans and the Indus Civilization aNew DelhibOxfordc2015 a363 aINDIA-History-Ancient cBK 00104070aHMIbHMIcGENd0000-00-00eKohinoor Book Distributors, Hyderabadg850.00l10m6o954.01 PARp25236r2024-01-12s2024-01-10w2017-05-09yBK c20392d20392